L'Indépendance du Maroc (Record no. 105744)

MARC details
000 -LEADER
campo de control de longitud fija 00699nam a2200205 i 4500
001 - NÚMERO DE CONTROL
campo de control 105744
003 - IDENTIFICADOR DE NÚMERO DE CONTROL
campo de control ES-MaACL
007 - CAMPO FIJO DE DESCRIPCIÓN FÍSICA--INFORMACIÓN GENERAL
campo de control de longitud fija t|
008 - DATOS DE LONGITUD FIJA--INFORMACIÓN GENERAL
campo de control de longitud fija 060816s1975 fr ||||1| fre d
080 ## - NÚMERO DE LA CLASIFICACIÓN DECIMAL UNIVERSAL
Número de la Clasificación Decimal Universal 94(64)"19"
100 1# - ENTRADA PRINCIPAL--NOMBRE DE PERSONA
Nombre de persona Nataf, Félix.
9 (RLIN) 84981
245 12 - MENCIÓN DEL TÍTULO
Título L'Indépendance du Maroc
Resto del título : témoignage d'action... 1950-1956 /
Mención de responsabilidad, etc. Félix Nataf ; préface de M. Alexandre Parodi ; avant-propos de M. Abderrahim Bouabid.
260 ## - PUBLICACIÓN, DISTRIBUCIÓN, ETC.
Lugar de publicación, distribución, etc. Paris :
Nombre del editor, distribuidor, etc. Plon,
Fecha de publicación, distribución, etc. [1975]
300 ## - DESCRIPCIÓN FÍSICA
Extensión 268 p. ;
Dimensiones 20 cm.
500 ## - NOTA GENERAL
Nota general Biblioteca Juan Andrade.
651 #4 - PUNTO DE ACCESO ADICIONAL DE MATERIA--NOMBRE GEOGRÁFICO
Nombre geográfico Marruecos-
Subdivisión general Historia-
Subdivisión cronológica S.XX.
9 (RLIN) 9031
700 1# - ENTRADA AGREGADA--NOMBRE PERSONAL
Nombre de persona Parodi, Alexandre.
9 (RLIN) 89203
700 1# - ENTRADA AGREGADA--NOMBRE PERSONAL
Nombre de persona Bouabid, Abderrahim.
9 (RLIN) 30817
852 ## - LOCALIZACIÓN
Ubicación ES-MaACL
Número de control de estantería AND-566
Sublocalización o colección R.109865
Holdings
Estatus retirado Estado de pérdida Estado de daño No para préstamo Biblioteca de origen Biblioteca actual Ubicación en estantería Fecha de adquisición Fuente de adquisición Total de préstamos Signatura topográfica completa Código de barras Visto por última vez Precio de reemplazo Tipo de ítem Koha
        Biblioteca del Ateneo de Madrid Biblioteca del Ateneo de Madrid Depósito 2 17/01/2008     AND-566 1110401 23/02/2023 23/02/2023 Libro impreso